00518nam a22002057a 450000500170000001000110001702000100002803500110003803700160004904000120006508200200007724500470009726000330014427000100017730000250018750000510021265000220026365000110028570000160029620170124105928.0 a314507 c00.00 a314507 bCen Lib/Ret aDPLbEN a398.210952bFOL aFolktales of Japan /cedited by Keigo Seki aTokyobIwanami Shoten c1963 bTokyo axxi, 221p.c20cm(Hb) aIncludes bibliographical references and index  aFolklore zJapan  aTales  aSeki, Keigo